000
00331nam a22001457a 4500
003
SGT
082
_a
615.5
_b
A12S
100
_a
SHARGEL, LEON
245
_a
APPLIED BIOPHARMACEUTICS & PHARMACOKINETICS
250
_a
6TH
260
_a
NEW YORK
_b
MCGRAW HILL
_c
2012
300
_a
811
650
_a
PHARMACOLOGY
942
_2
ddc
_c
BK
999
_c
10511
_d
10511